[Event "Online Olym Div2 D 2021"]
[Site "chess.com INT"]
[Date "2021.09.02"]
[Round "3.1"]
[Board "3"]
[White "Janzelj, Lara"]
[Black "Lakehal, Safae"]
[Result "1-0"]
[WhiteTitle "WIM"]
[WhiteElo "2186"]
[BlackElo "1794"]
[WhiteTeam "Slovenia"]
[BlackTeam "Morocco"]
[WhiteFideId "14608391"]
[BlackFideId "9002570"]
[EventDate "2021.09.02"]
[EventType "team"]

1. d4 Nf6 2. c4 g6 3. Nc3 Bg7 4. e4 d6 5. Be2 O-O 6. Nf3 e5 7. d5 Ne8 8. a3 f5
9. Qc2 f4 10. h3 Nf6 11. b4 Nbd7 12. Bb2 a5 13. Ng5 Nb8 14. Rd1 Qe7 15. Nb5 axb4
16. axb4 Na6 17. Qb3 h6 18. Ne6 Bxe6 19. dxe6 Qxe6 20. Nc3 Nb8 21. Qc2 Nc6 22.
Nb5 Nxb4 23. Qc3 Na6 24. c5 dxc5 25. Bc4 Qxc4 26. Qxc4+ Kh8 27. Bxe5 Rae8 28.
Bxf6 Bxf6 29. O-O Re7 30. f3 c6 31. Nd6 Bd4+ 32. Rxd4 cxd4 33. Qxd4+ Kh7 34. e5
Rd8 35. Rb1 b5 36. Qxf4 Nc5 37. Qf6 Rdd7 38. f4 Re6 39. Qf8 1-0

[Event "Online Olym Div2 D 2021"]
[Site "chess.com INT"]
[Date "2021.09.02"]
[Round "3.1"]
[Board "4"]
[White "Zahid, Wassima"]
[Black "Vidic, Teja"]
[Result "0-1"]
[BlackTitle "WIM"]
[WhiteElo "1531"]
[BlackElo "2172"]
[WhiteTeam "Morocco"]
[BlackTeam "Slovenia"]
[WhiteFideId "9002677"]
[BlackFideId "14605511"]
[EventDate "2021.09.02"]
[EventType "team"]

1. e4 e5 2. Nf3 Nc6 3. d4 exd4 4. Nxd4 Nf6 5. Nc3 Bb4 6. Nxc6 bxc6 7. Bd3 O-O 8.
O-O Re8 9. Re1 d6 10. Bd2 Ng4 11. h3 Ne5 12. a3 Bc5 13. Be3 Bb6 14. Qd2 Rb8 15.
Rab1 Bxh3 16. Bxb6 axb6 17. f4 Nxd3 18. Qxd3 Bd7 19. Rbd1 Qh4 20. Qf3 Bg4 21.
Qf2 Qxf2+ 22. Kxf2 Bxd1 23. Rxd1 b5 24. b4 Ra8 25. Ra1 Ra7 26. a4 bxa4 27. Rxa4
Rxa4 28. Nxa4 Rxe4 29. Kf3 Rxb4 30. Nc3 Rc4 31. Ne4 Rxc2 32. Ng5 d5 33. g3 h6
34. Nh3 c5 35. Nf2 Rxf2+ 36. Kxf2 Kf8 37. Ke3 Ke7 38. Kd3 h5 0-1

[Event "Online Olym Div2 D 2021"]
[Site "chess.com INT"]
[Date "2021.09.02"]
[Round "3.1"]
[Board "6"]
[White "Makhlouf, Ahlam"]
[Black "Urh, Zala"]
[Result "0-1"]
[WhiteTitle "WFM"]
[BlackTitle "WIM"]
[WhiteElo "1419"]
[BlackElo "2234"]
[WhiteTeam "Morocco"]
[BlackTeam "Slovenia"]
[WhiteFideId "9003380"]
[BlackFideId "14611481"]
[EventDate "2021.09.02"]
[EventType "team"]

1. e4 c5 2. Nf3 Nc6 3. d4 cxd4 4. Nxd4 Nf6 5. Nc3 e5 6. Ndb5 d6 7. Bg5 a6 8. Na3
b5 9. Nd5 Be7 10. Bxf6 Bxf6 11. c3 Ne7 12. Nxf6+ gxf6 13. Be2 Bb7 14. Qd3 d5 15.
exd5 Qxd5 16. Qxd5 Bxd5 17. f3 Rg8 18. Kf2 O-O-O 19. Rad1 Bxa2 20. c4 b4 21. Nc2
a5 22. Bd3 h5 23. Ne3 Bb3 24. Ra1 Rxd3 25. Rxa5 Rd2+ 26. Ke1 Rxb2 27. Ra8+ Kb7
28. Rxg8 Nxg8 29. Rf1 Rb1+ 30. Kf2 Rxf1+ 31. Kxf1 Ne7 32. g4 h4 33. Kg2 Kc6 34.
Kh3 Kc5 35. Kxh4 Bxc4 36. g5 f5 37. Kg3 b3 38. Nd1 Be2 39. Nb2 Kb4 40. h4 Ka3
41. h5 Kxb2 42. g6 fxg6 43. h6 g5 44. h7 Ng6 45. f4 exf4+ 0-1

[Event "Online Olym Div2 D 2021"]
[Site "chess.com INT"]
[Date "2021.09.02"]
[Round "3.2"]
[Board "1"]
[White "Silva, David"]
[Black "Diaz Hollemaert, Nahuel"]
[Result "1-0"]
[WhiteTitle "IM"]
[BlackTitle "IM"]
[WhiteElo "2312"]
[BlackElo "2441"]
[WhiteTeam "Angola"]
[BlackTeam "Uruguay"]
[WhiteFideId "10101314"]
[BlackFideId "104019"]
[EventDate "2021.09.02"]
[EventType "team"]

1. e4 g6 2. d4 d6 3. Nc3 Bg7 4. h4 Nf6 5. Be2 h5 6. Bg5 Nbd7 7. Qd2 c5 8. Nf3
cxd4 9. Nxd4 Nc5 10. f3 Bd7 11. O-O-O Rc8 12. Kb1 a6 13. Rhe1 b5 14. Bf1 O-O 15.
Bh6 Be6 16. Bxg7 Kxg7 17. Qg5 Qc7 18. Nd5 Bxd5 19. exd5 Kh7 20. g4 Rg8 21. gxh5
gxh5 22. Qf4 Rg6 23. Bh3 Rcg8 24. Bf5 Kg7 25. Bxg6 fxg6 26. b4 Nxd5 27. Qg5 Nc3+
28. Ka1 e5 29. bxc5 exd4 30. Re7+ 1-0

[Event "Online Olym Div2 D 2021"]
[Site "chess.com INT"]
[Date "2021.09.02"]
[Round "3.2"]
[Board "2"]
[White "Roselli Mailhe, Bernardo"]
[Black "Miguel, Sergio"]
[Result "0-1"]
[WhiteTitle "IM"]
[BlackTitle "FM"]
[WhiteElo "2430"]
[BlackElo "2297"]
[WhiteTeam "Uruguay"]
[BlackTeam "Angola"]
[WhiteFideId "3000028"]
[BlackFideId "10100792"]
[EventDate "2021.09.02"]
[EventType "team"]

1. d4 Nf6 2. c4 e6 3. Nf3 b6 4. g3 Ba6 5. Nbd2 Bb4 6. Qb3 c5 7. dxc5 bxc5 8. Bg2
Nc6 9. O-O Rb8 10. Qc2 O-O 11. Nb3 Na5 12. Bf4 Rb6 13. Nxa5 Bxa5 14. Rfd1 d5 15.
Ne5 h6 16. cxd5 exd5 17. Qxc5 Rxb2 18. Nc6 Qb6 19. Qxa5 Qxc6 20. e3 Qc2 21. Qe1
Ng4 22. Rac1 Qxf2+ 23. Qxf2 Nxf2 24. Rxd5 Bb7 25. Rc7 Bxd5 26. Bxd5 Nh3+ 27. Kh1
Nxf4 28. gxf4 a5 29. e4 g6 30. Kg1 Rd2 31. Kf1 a4 32. Ke1 Rxh2 33. Kd1 Rf2 34.
Rc6 Kg7 35. Ra6 Rxf4 36. Ke2 h5 37. Rxa4 f5 38. Ra7+ Kf6 39. Ke3 Rg4 40. Ra6+
Kg5 41. e5 Re8 42. e6 h4 43. Bf3 Rg3 44. Kf2 Kf6 45. Bd5 Rd3 46. Bc4 Rd4 47. Bb3
Re4 48. Ra7 R8xe6 49. Bxe6 Rxe6 50. a4 Re4 51. a5 Kg5 52. a6 Ra4 53. Ra8 Kf4 54.
Kg2 g5 55. Kh3 Ra3+ 56. Kh2 g4 57. Kg2 Ra2+ 58. Kf1 Kf3 59. Ke1 f4 60. a7 h3 61.
Kd1 h2 62. Rh8 Rxa7 63. Rxh2 Ra1+ 0-1

[Event "Online Olym Div2 D 2021"]
[Site "chess.com INT"]
[Date "2021.09.02"]
[Round "3.2"]
[Board "3"]
[White "Pires, Luzia"]
[Black "Quevedo, Andreina"]
[Result "1-0"]
[WhiteTitle "WFM"]
[BlackTitle "WFM"]
[WhiteElo "1768"]
[BlackElo "1867"]
[WhiteTeam "Angola"]
[BlackTeam "Uruguay"]
[WhiteFideId "10101012"]
[BlackFideId "3004147"]
[EventDate "2021.09.02"]
[EventType "team"]

1. Nf3 Nf6 2. g3 g6 3. Bg2 Bg7 4. O-O O-O 5. c4 c5 6. Nc3 Nc6 7. d4 cxd4 8. Nxd4
Nxd4 9. Qxd4 d6 10. Qd3 a6 11. e4 Qc7 12. Rb1 Be6 13. b3 Nd7 14. Bb2 Rab8 15.
Rbc1 f5 16. exf5 Bxf5 17. Qe3 e6 18. Rcd1 Rfd8 19. Ba3 Nc5 20. Ne4 h6 21. Nxc5
dxc5 22. Qxc5 Qxc5 23. Bxc5 Rbc8 24. Be3 Rxd1 25. Rxd1 Rc7 26. Bf4 e5 27. Be3
Kf7 28. Bd5+ Kf6 29. Kg2 g5 30. h3 Be6 31. Bxe6 Kxe6 32. f4 exf4 33. gxf4 gxf4
34. Bxf4 Rf7 35. Rd6+ Ke7 36. Bg3 h5 37. Rb6 Kf8 38. Rd6 Rf5 39. Rd5 Rxd5 40.
cxd5 Ke7 41. Kf3 Kd7 42. Ke4 Bf6 43. Kf5 Be7 44. a4 h4 45. Bf4 a5 46. Bd2 b6 47.
Be3 Bd8 48. Bg5 Bc7 49. Bxh4 Bd6 50. Bf6 Bb4 51. Be5 Bd2 52. h4 Ke7 53. h5 Kd7
54. Kg6 b5 55. axb5 Be3 56. h6 Bxh6 57. Kxh6 Kc8 58. Kg6 Kd7 59. Kf6 Kd8 60. Ke6
Kc8 61. d6 Kd8 62. Bf6+ Kc8 63. d7+ Kb7 64. d8=Q a4 65. Kd6 axb3 66. Qc7+ Ka8
67. Kc6 1-0

[Event "Online Olym Div2 D 2021"]
[Site "chess.com INT"]
[Date "2021.09.02"]
[Round "3.2"]
[Board "4"]
[White "Silva Rosas, Natalia"]
[Black "Joao, Delfina"]
[Result "0-1"]
[WhiteTitle "WCM"]
[BlackTitle "WCM"]
[WhiteElo "1771"]
[BlackElo "1705"]
[WhiteTeam "Uruguay"]
[BlackTeam "Angola"]
[WhiteFideId "3000575"]
[BlackFideId "10100920"]
[EventDate "2021.09.02"]
[EventType "team"]

1. e4 e6 2. d3 d5 3. Nd2 Nf6 4. Ngf3 c5 5. g3 Nc6 6. Bg2 Qc7 7. O-O d4 8. Re1 e5
9. h4 Bg4 10. Nf1 h6 11. N1h2 Bh5 12. Bh3 Be7 13. g4 Bg6 14. h5 Bh7 15. Nf1 Nd7
16. Ng3 O-O-O 17. Nf5 Bxf5 18. exf5 Qd6 19. Bg2 g6 20. fxg6 fxg6 21. Nd2 gxh5
22. Ne4 Qe6 23. gxh5 Rdg8 24. Ng3 Bh4 25. Qf3 Rf8 26. Qd5 Qf6 27. Rf1 Rhg8 28.
Bd2 Qg7 29. Qe4 Bxg3 30. fxg3 Qxg3 31. Rxf8+ Rxf8 32. Be1 Qg5 33. Bh4 Qxh5 34.
Be7 Rf4 35. Qd5 Rg4 36. Rf1 Qg6 37. Bxc5 Nxc5 38. Rf8+ Kc7 39. Rf7+ Kb6 40. Rf2
Qg5 41. Qf3 Qc1+ 42. Rf1 Qg5 43. b4 Ne6 44. b5 Nf4 45. Rf2 Rxg2+ 46. Rxg2 Nxg2
47. Qxg2 Qxg2+ 48. Kxg2 Nb4 49. a4 Nxc2 50. Kf3 Nb4 51. Ke4 h5 52. Kxe5 Nxd3+
53. Kxd4 Nb2 54. Ke4 Nxa4 55. Kf4 Nc3 56. Kg5 Nxb5 57. Kxh5 a5 58. Kg4 a4 59.
Kf3 a3 60. Ke3 a2 61. Kd3 a1=Q 62. Kc4 Qb2 63. Kd5 Nc7+ 64. Kd6 Qc3 65. Kd7 Qc5
66. Kd8 Kc6 67. Kc8 Qf8# 0-1

[Event "Online Olym Div2 D 2021"]
[Site "chess.com INT"]
[Date "2021.09.02"]
[Round "3.2"]
[Board "5"]
[White "Junior, Domingos"]
[Black "Vazquez, Facundo"]
[Result "1/2-1/2"]
[WhiteTitle "FM"]
[BlackTitle "CM"]
[WhiteElo "2118"]
[BlackElo "2190"]
[WhiteTeam "Angola"]
[BlackTeam "Uruguay"]
[WhiteFideId "10105972"]
[BlackFideId "3007669"]
[EventDate "2021.09.02"]
[EventType "team"]

1. e4 e6 2. d4 d5 3. Nc3 Bb4 4. exd5 exd5 5. Bd3 Nc6 6. Ne2 Nf6 7. Bg5 h6 8. Bh4
O-O 9. Qd2 Be7 10. O-O-O Nb4 11. f3 Qd7 12. g4 Ne4 13. Nxe4 Nxd3+ 14. cxd3 Bxh4
15. N4g3 Qd6 16. Kb1 Bd7 17. Qf4 Qxf4 18. Nxf4 c6 19. Rde1 Rfe8 20. Kc2 Bf6 21.
Nfe2 Re3 22. Rhf1 Rae8 23. Kd2 Bd8 24. Nc3 Bg5 25. Rxe3 Bxe3+ 26. Kd1 Bxd4 27.
Re1 Rd8 28. Kc2 Kf8 29. Kd2 a5 30. Nge2 Be5 31. h3 Ra8 32. d4 Bd6 33. Nc1 a4 34.
a3 Bf4+ 35. Kc2 Bc7 36. Nd3 Bb6 37. Nc5 Bxc5 38. dxc5 Ra5 39. Kd3 Rxc5 40. Nxa4
Ra5 41. Nc3 Be6 42. Kd4 c5+ 43. Ke5 d4 44. Ne4 d3 45. Rd1 c4+ 46. Kd4 Rb5 47.
Rd2 b6 48. Nc3 Rc5 49. Ne4 Rc6 50. Ng3 Rd6+ 51. Kc3 Bd5 52. Nf5 Rf6 53. Rf2 Be6
54. Nd4 Bd5 55. Nf5 g6 56. Nd4 Rf4 57. b3 cxb3 58. Kxd3 Rf6 59. f4 Rd6 60. Rb2
h5 61. Ke3 hxg4 62. hxg4 Rd8 63. Nxb3 Ra8 64. Nd2 Rxa3+ 65. Kd4 Be6 66. Rxb6
Bxg4 67. Rb3 Rxb3 68. Nxb3 Kg7 69. Ke3 Be6 70. Nd4 Kf6 71. Nf3 Bd5 72. Ne5 Kf5
73. Nd3 f6 74. Nf2 Ba8 75. Nd3 Kg4 76. Nc5 Bd5 77. Nd7 Kf5 78. Nc5 g5 79. fxg5
fxg5 80. Kf2 Kg4 81. Nd3 Kh3 82. Kg1 1/2-1/2

[Event "Online Olym Div2 D 2021"]
[Site "chess.com INT"]
[Date "2021.09.02"]
[Round "3.3"]
[Board "1"]
[White "Martinez Reyes, Pedro Ramon"]
[Black "Fier, Alexandr"]
[Result "0-1"]
[WhiteTitle "FM"]
[BlackTitle "GM"]
[WhiteElo "2404"]
[BlackElo "2564"]
[WhiteTeam "Venezuela"]
[BlackTeam "Brazil"]
[WhiteFideId "3901807"]
[BlackFideId "2107139"]
[EventDate "2021.09.02"]
[EventType "team"]

1. e4 c5 2. c3 d5 3. exd5 Qxd5 4. Nf3 Nf6 5. d4 e6 6. Na3 Nc6 7. Be2 cxd4 8. Nb5
Qd8 9. Nbxd4 Nxd4 10. Nxd4 a6 11. O-O Qc7 12. Bf3 Bd6 13. h3 O-O 14. Bg5 Bh2+
15. Kh1 Bf4 16. Bxf4 Qxf4 17. Qb3 Qc7 18. Rfe1 e5 19. Nc2 Rb8 20. Ne3 Be6 21.
Nd5 Bxd5 22. Bxd5 Rfe8 23. Rad1 Re7 24. Kg1 Rbe8 25. Qc4 Qb6 26. Qb3 Qa7 27. Be4
Qc5 28. a3 a5 29. a4 g6 30. Qb5 Qc7 31. Rd2 Kg7 32. Rde2 h5 33. b4 Qxc3 34. bxa5
Ra8 35. Bxb7 Rxa5 36. Qc6 Qb4 37. Ba6 Rxa4 38. Bb5 Ra5 39. Bd3 Rd5 40. Be4 Rd4
41. Bb1 h4 42. Kf1 Nh5 43. Re4 Nf4 44. Rxd4 exd4 45. Rxe7 Qxe7 46. Qf3 Qd6 47.
Bd3 Qc7 48. Kg1 Qc1+ 49. Kh2 Qd2 50. Be4 d3 51. g3 hxg3+ 52. Kxg3 Ne2+ 53. Kg2
Qe1 0-1

[Event "Online Olym Div2 D 2021"]
[Site "chess.com INT"]
[Date "2021.09.02"]
[Round "3.3"]
[Board "2"]
[White "Diamant, Andre"]
[Black "Vivas Zamora, Fabian Ernesto"]
[Result "1-0"]
[WhiteTitle "GM"]
[BlackTitle "FM"]
[WhiteElo "2542"]
[BlackElo "2344"]
[WhiteTeam "Brazil"]
[BlackTeam "Venezuela"]
[WhiteFideId "2108356"]
[BlackFideId "3902480"]
[EventDate "2021.09.02"]
[EventType "team"]

1. c4 Nf6 2. Nc3 d5 3. cxd5 Nxd5 4. Nf3 c5 5. g3 Nc6 6. Bg2 Nc7 7. O-O e5 8. a3
Rb8 9. d3 Be6 10. Ng5 Bd7 11. Qb3 Ne6 12. Nxe6 Bxe6 13. Qa4 Bd7 14. Be3 Be7 15.
Rfc1 O-O 16. Nd5 Nd4 17. Qd1 Be6 18. Nxe7+ Qxe7 19. Bxd4 exd4 20. Qd2 Bb3 21. a4
b6 22. h4 a5 23. Bf3 Qd7 24. h5 h6 25. Qf4 Bxa4 26. g4 Bc6 27. Bxc6 Qxc6 28.
Qxd4 Qe6 29. Qe4 Qxe4 30. dxe4 Rfd8 31. Rc2 Rd4 32. f3 Rbd8 33. Kf2 f6 34. Ke3
Kf7 35. Ra3 Rb4 36. Rd3 Rdd4 37. Rcd2 Rxd3+ 38. exd3 Rb3 39. Ke2 Ke6 40. f4 a4
41. Kd1 b5 42. Kc2 Rb4 43. Kc3 Rd4 44. Re2 b4+ 45. Kc2 Kd6 46. Re1 c4 47. dxc4
Rxc4+ 48. Kd3 Kc5 49. e5 Rd4+ 50. Ke3 fxe5 51. fxe5 Kd5 52. Kf3 Ke6 53. Re2 b3
54. Re1 Rc4 55. Re2 Rc2 56. Re4 Rxb2 57. Rxa4 Kxe5 58. Ra7 Rb1 59. Re7+ Kf6 60.
Rb7 b2 61. Kg2 Ke5 62. Rb4 Kd5 63. Rb7 Ke4 64. Rb4+ Ke3 65. Rb8 Kf4 66. Rb7 1-0

[Event "Online Olym Div2 D 2021"]
[Site "chess.com INT"]
[Date "2021.09.02"]
[Round "3.3"]
[Board "3"]
[White "Varela La Madrid, Tilsia Carolina"]
[Black "Terao, Juliana Sayumi"]
[Result "0-1"]
[WhiteTitle "WIM"]
[BlackTitle "FM"]
[WhiteElo "2087"]
[BlackElo "2252"]
[WhiteTeam "Venezuela"]
[BlackTeam "Brazil"]
[WhiteFideId "3903001"]
[BlackFideId "2109220"]
[EventDate "2021.09.02"]
[EventType "team"]

1. e4 c5 2. c3 d5 3. exd5 Qxd5 4. d4 Nf6 5. Nf3 e6 6. Be3 cxd4 7. cxd4 Bb4+ 8.
Nc3 O-O 9. Be2 b6 10. O-O Bxc3 11. bxc3 Ba6 12. Ne5 Bxe2 13. Qxe2 Nc6 14. Nxc6
Qxc6 15. c4 Rac8 16. Rac1 h6 17. Bf4 Rfd8 18. Rfd1 Qa4 19. h3 Rc6 20. Be5 Nd7
21. d5 exd5 22. Rxd5 Re6 23. Rcd1 Rde8 24. Rxd7 Rxe5 25. Qf3 Qxc4 26. Qb7 Re1+
27. Rxe1 Rxe1+ 28. Kh2 Qf4+ 29. g3 Qxf2+ 30. Qg2 Qe3 31. Rd2 h5 32. h4 Kh7 33.
Rf2 b5 34. Rf3 Qe2 35. Rf2 Qe6 36. Qf3 Re5 37. Qb7 Re2 38. Rxe2 Qxe2+ 39. Kh3
Qf1+ 40. Kh2 a5 41. Qe4+ g6 42. Qd5 Qc4 43. Qd2 b4 44. Qf2 a4 45. g4 hxg4 46. h5
b3 47. hxg6+ Kxg6 48. axb3 axb3 49. Qb6+ Qe6 50. Qb4 Qe2+ 51. Kg3 Qf3+ 52. Kh2
g3+ 0-1

[Event "Online Olym Div2 D 2021"]
[Site "chess.com INT"]
[Date "2021.09.02"]
[Round "3.3"]
[Board "4"]
[White "Alboredo, Julia"]
[Black "Patino Garcia, Corals"]
[Result "0-1"]
[WhiteTitle "WFM"]
[BlackTitle "WFM"]
[WhiteElo "2183"]
[BlackElo "1916"]
[WhiteTeam "Brazil"]
[BlackTeam "Venezuela"]
[WhiteFideId "2124807"]
[BlackFideId "3902781"]
[EventDate "2021.09.02"]
[EventType "team"]

1. e4 e5 2. Nf3 Nf6 3. Nxe5 d6 4. Nf3 Nxe4 5. Nc3 Nxc3 6. dxc3 Be7 7. Be3 O-O 8.
Bd3 Nd7 9. Qd2 Nf6 10. O-O-O c5 11. c4 b5 12. Ng5 bxc4 13. Bxc4 h6 14. Nh3 Rb8
15. Bxh6 gxh6 16. Qxh6 Nh7 17. f4 Bf6 18. Bd3 Bxb2+ 19. Kd2 Bc3+ 20. Ke2 Bg4+
21. Kf1 f5 22. Bc4+ Kh8 23. Ng5 Qe7 24. Kf2 Rf6 25. Qh4 Bxd1 26. Rxd1 Re8 27.
Kg1 Bd4+ 28. Kh1 Qg7 29. h3 Rh6 30. Nf7+ Qxf7 31. Bxf7 Rxh4 32. Bxe8 Rxf4 33.
Bg6 Rf2 34. c3 Be5 35. Rb1 Kg7 36. Bh5 Rxa2 37. Bf3 a5 38. Bd5 Rd2 39. c4 Nf6
40. Be6 Ne4 41. Rb7+ Kf6 42. g4 Kxe6 0-1

[Event "Online Olym Div2 D 2021"]
[Site "chess.com INT"]
[Date "2021.09.02"]
[Round "3.3"]
[Board "5"]
[White "Escalona Landi, Samid Eduardo"]
[Black "Labussiere, Victor"]
[Result "0-1"]
[WhiteTitle "CM"]
[BlackTitle "FM"]
[WhiteElo "2122"]
[BlackElo "2291"]
[WhiteTeam "Venezuela"]
[BlackTeam "Brazil"]
[WhiteFideId "3937437"]
[BlackFideId "2183129"]
[EventDate "2021.09.02"]
[EventType "team"]

1. Nf3 Nf6 2. b3 d5 3. c4 e6 4. Bb2 Be7 5. g3 O-O 6. Bg2 b6 7. O-O Bb7 8. e3
Nbd7 9. Nc3 c5 10. Qe2 Rc8 11. Rac1 Qc7 12. d3 Qb8 13. Rfe1 Rfd8 14. Rcd1 Bf8
15. e4 d4 16. Nb1 g6 17. Bc1 e5 18. Nh4 Re8 19. Rf1 a6 20. f4 exf4 21. gxf4 Nh5
22. Rf2 b5 23. Na3 Bc6 24. Rdf1 Be7 25. Nf5 Bf8 26. e5 Kh8 27. Qg4 Bxg2 28. Rxg2
Qb7 29. Bd2 Qc6 30. Nh4 Be7 31. Qh3 Bxh4 32. Qxh4 f5 33. Be1 Nf8 34. Qf2 Ne6 35.
Bd2 Rb8 36. h3 Re7 37. Kh2 Rg7 38. Rfg1 b4 39. Nc2 a5 40. Ne1 a4 41. Bc1 Ra8 42.
Rf1 Rga7 43. Qd2 axb3 44. axb3 Ra2 45. Bb2 R2a7 46. Rgf2 Ra2 47. Ng2 R8a7 48.
Qc2 R7a6 49. Qb1 Ra8 50. Qc2 R2a7 51. Qb1 Kg8 52. Qd1 Kf8 53. Nh4 Neg7 54. Re1
Qe6 55. Nf3 Kg8 56. Rg1 Ra2 57. Ne1 Qe7 58. Ng2 Ne6 59. Qc2 Qc7 60. Re1 Kf7 61.
Ree2 Rg8 62. Qd1 Rga8 63. Qc2 Kg8 64. Qd1 Kh8 65. Qb1 Qc6 66. Qc1 R2a7 67. Qd2
Rg8 68. Nh4 Qd7 69. Ng2 Qd8 70. Qd1 Rag7 71. Bc1 Ra7 72. Ra2 Qa8 73. Qc2 Rgg7
74. Rxa7 Rxa7 75. Bb2 Ra2 76. Qb1 Ra6 77. Qd1 Kg8 78. Nh4 Nexf4 79. Bc1 Ra2 80.
Qf1 Nxd3 81. Rxa2 Qxa2+ 82. Ng2 Nxc1 83. Qxc1 Qe2 84. Qg5 Qxe5+ 85. Kg1 Kg7 86.
Qd8 Nf6 87. Kh1 Ne4 88. Kg1 Ng3 89. Kf2 f4 90. Kg1 Nf5 91. Qg5 f3 92. Nf4 Qe1+
93. Kh2 Qf2+ 94. Kh1 Ng3+ 0-1

[Event "Online Olym Div2 D 2021"]
[Site "chess.com INT"]
[Date "2021.09.02"]
[Round "3.3"]
[Board "6"]
[White "De Freitas, Isabella Ribeiro Conti"]
[Black "Matute Escobar, Roxanny"]
[Result "1-0"]
[BlackTitle "WFM"]
[WhiteElo "1909"]
[BlackElo "1899"]
[WhiteTeam "Brazil"]
[BlackTeam "Venezuela"]
[WhiteFideId "2173328"]
[BlackFideId "3926028"]
[EventDate "2021.09.02"]
[EventType "team"]

1. c4 Nf6 2. Nc3 g6 3. e4 d6 4. d4 Bg7 5. Nf3 O-O 6. Be2 e5 7. d5 Nbd7 8. Bg5 h6
9. Bh4 a5 10. O-O Nc5 11. Nd2 Qe8 12. f3 Nh7 13. b3 f5 14. a3 Nf6 15. b4 axb4
16. axb4 Rxa1 17. Qxa1 Ncd7 18. Bf2 f4 19. c5 Rf7 20. Nb5 dxc5 21. bxc5 Qd8 22.
d6 c6 23. Na7 Kh7 24. Nc4 Ne8 25. Qa5 Qxa5 26. Nxa5 b6 27. Nxc8 bxa5 28. Ra1 Nf8
29. Ne7 Ne6 30. Bc4 Rf6 31. Nxc6 Bf8 32. d7 N8c7 33. d8=Q Nxd8 34. Nxd8 Na6 35.
Rxa5 Nb4 36. Ra7+ 1-0

[Event "Online Olym Div2 D 2021"]
[Site "chess.com INT"]
[Date "2021.09.02"]
[Round "3.4"]
[Board "1"]
[White "Diaz Rosas, Julio Cesar"]
[Black "Cawdery, Daniel"]
[Result "0-1"]
[WhiteTitle "FM"]
[BlackTitle "IM"]
[WhiteElo "2393"]
[BlackElo "2419"]
[WhiteTeam "Mexico"]
[BlackTeam "South Africa"]
[WhiteFideId "5105099"]
[BlackFideId "14300249"]
[EventDate "2021.09.02"]
[EventType "team"]

1. e4 c5 2. Nf3 Nc6 3. d4 cxd4 4. Nxd4 e5 5. Nb5 a6 6. Nd6+ Bxd6 7. Qxd6 Qe7 8.
Qd1 Nf6 9. Nc3 d6 10. Be2 O-O 11. O-O Nd4 12. Bg5 Be6 13. Bd3 h6 14. Be3 Nc6 15.
Re1 Rfd8 16. Qe2 Nb4 17. Bb6 Rd7 18. Rad1 Rc8 19. Ba5 Nxd3 20. cxd3 d5 21. exd5
Bg4 22. f3 Qc5+ 23. Kh1 Qxa5 24. fxg4 Re8 25. Qf3 Nxd5 26. Ne4 Nf4 27. g5 Rxd3
28. Qg4 Rxd1 29. Rxd1 h5 30. Qd7 Qb5 31. Qxb5 axb5 32. g3 Ne6 33. Rd5 Nd4 34.
Nc5 Nf3 35. Kg2 Nxg5 36. Nxb7 b4 37. Nc5 f6 38. h4 Nf7 39. Nd3 e4 40. Nxb4 e3
41. Nd3 g5 42. hxg5 fxg5 43. Kf1 Kg7 44. Ke2 Kg6 45. Rd4 Nh6 46. Rd6+ Kg7 47.
Rd5 Kg6 48. Ne5+ Kf6 49. Nf3 Nf5 50. Ke1 g4 51. Nh4 Nxg3 52. Rc5 Rd8 53. Rc3 Kg5
54. Ng2 Nf5 55. Rc5 Re8 56. a4 Rb8 57. a5 Kf6 58. a6 Rxb2 59. Ra5 Rb8 60. a7 Ra8
61. Ke2 h4 62. Ra6+ Kg5 63. Ra5 Kf6 64. Ra6+ Ke5 65. Ra5+ Ke4 66. Nxe3 Nd4+ 67.
Kf2 g3+ 68. Kg2 Kxe3 69. Kh3 Kf2 70. Ra6 g2 71. Rf6+ Nf3 72. Rf7 g1=Q 73. Rxf3+
Kxf3 74. Kxh4 Rxa7 75. Kh5 Rh7# 0-1

[Event "Online Olym Div2 D 2021"]
[Site "chess.com INT"]
[Date "2021.09.02"]
[Round "3.4"]
[Board "2"]
[White "Masiya, Mfundo"]
[Black "Sandoval Mercado, Carlos"]
[Result "0-1"]
[BlackTitle "FM"]
[WhiteElo "1944"]
[BlackElo "2239"]
[WhiteTeam "South Africa"]
[BlackTeam "Mexico"]
[WhiteFideId "14321114"]
[BlackFideId "5109434"]
[EventDate "2021.09.02"]
[EventType "team"]

1. e4 c5 2. Nf3 e6 3. d4 cxd4 4. Nxd4 Nf6 5. Nc3 Nc6 6. Nxc6 bxc6 7. e5 Nd5 8.
Ne4 Qc7 9. f4 Qb6 10. c4 Bb4+ 11. Ke2 f5 12. Nf2 Ne7 13. a3 Bc5 14. Nd3 Bd4 15.
Qc2 c5 16. Rb1 d5 17. exd6 Qxd6 18. b4 O-O 19. bxc5 Qc7 20. h4 Bb7 21. Rh3 Be4
22. Re3 Nc6 23. Rxe4 fxe4 24. Nb4 Rxf4 25. Bxf4 Qxf4 26. Re1 Nxb4 27. axb4 Rd8
28. Qd2 Qg4# 0-1

[Event "Online Olym Div2 D 2021"]
[Site "chess.com INT"]
[Date "2021.09.02"]
[Round "3.4"]
[Board "3"]
[White "Guerrero Rodriguez, Alejandra"]
[Black "February, Jesse Nikki"]
[Result "0-1"]
[WhiteTitle "WIM"]
[BlackTitle "WIM"]
[WhiteElo "2019"]
[BlackElo "1857"]
[WhiteTeam "Mexico"]
[BlackTeam "South Africa"]
[WhiteFideId "5104297"]
[BlackFideId "14312336"]
[EventDate "2021.09.02"]
[EventType "team"]

1. e4 e6 2. d4 d5 3. Nd2 Nf6 4. e5 Nfd7 5. Bd3 c5 6. c3 Nc6 7. Ne2 cxd4 8. cxd4
f6 9. exf6 Nxf6 10. Nf3 Bd6 11. O-O O-O 12. Bf4 Bxf4 13. Nxf4 Ne4 14. Ne2 Rxf3
15. gxf3 Ng5 16. Ng3 Nxd4 17. Be2 Nxe2+ 18. Qxe2 Qf6 19. Kg2 e5 20. Rfd1 Bh3+
21. Kh1 Nxf3 22. Rxd5 Nd4 23. Qe3 Nc2 24. Qb3 Kh8 25. Rg1 Qc6 26. Ne4 Be6 27.
Qg3 Rg8 28. Rxe5 Bd5 29. f3 Ne3 30. Ng5 Nc4 31. Qh3 Bxf3+ 32. Nxf3 Nxe5 33. Rg3
Rf8 34. Kg2 g5 35. Qh5 Nxf3 36. Rxf3 Rxf3 37. Qxf3 Qxf3+ 38. Kxf3 Kg7 39. Kg4
Kg6 40. h3 h5+ 41. Kg3 Kf5 42. Kf3 g4+ 43. hxg4+ hxg4+ 44. Kg3 Kg5 45. Kg2 Kf4
46. Kf2 g3+ 47. Kg2 Ke3 48. Kxg3 Kd2 49. Kf2 Kc2 50. b4 Kc3 51. b5 b6 52. Ke3
Kb2 53. a4 Kb3 54. a5 Kb4 55. axb6 axb6 56. Kd3 Kxb5 57. Kc3 Ka4 58. Kb2 Kb4 59.
Ka2 Kc3 60. Kb1 Kb3 61. Ka1 b5 62. Kb1 b4 63. Ka1 Kc2 64. Ka2 b3+ 0-1

[Event "Online Olym Div2 D 2021"]
[Site "chess.com INT"]
[Date "2021.09.02"]
[Round "3.4"]
[Board "5"]
[White "Esquivel San Agustin, Dieg"]
[Black "Khumalo, Keith"]
[Result "0-1"]
[BlackTitle "CM"]
[WhiteElo "1902"]
[BlackElo "2108"]
[WhiteTeam "Mexico"]
[BlackTeam "South Africa"]
[WhiteFideId "5124514"]
[BlackFideId "14319470"]
[EventDate "2021.09.02"]
[EventType "team"]

1. e4 c5 2. Nf3 e6 3. d4 cxd4 4. Nxd4 a6 5. Nc3 Qc7 6. g3 b5 7. Bg2 Bb7 8. O-O
d6 9. a3 Be7 10. f4 Nc6 11. Nb3 Nf6 12. Be3 O-O 13. g4 Nd7 14. g5 Nc5 15. Qh5 b4
16. axb4 Nxb4 17. Rf3 g6 18. Qh6 f5 19. Rh3 Rf7 20. exf5 exf5 21. Bd4 Bxg2 22.
Qxg6+ Kf8 23. Rxh7 Rxh7 24. Qxh7 Ke8 25. Kxg2 Qc6+ 26. Kg1 Nxc2 27. Qg6+ Kd8 28.
Rc1 Nxb3 29. Rxc2 Nxd4 30. Rc1 Qf3 31. Qg8+ Kd7 0-1